000 00191 a2200097 4500
041 _aspa
100 _aIgnacio Larraąga
245 _aEncuentro manual de Oracion
942 _cBK
952 _71
999 _c23606
_d23606